000 00798nas a2200217 4500
001 BR9501488
003 BR-BrBNA
005 20231205094302.0
007 ta
008 230509b bl.|||p| |||| 00| 00por d
040 _aBR-BrBNA
_bpor
_cBiblioteca Nacional de Agricultura
041 _a(En, Pt)
072 _aH20
110 1 _aSociedade Brasileira de Fitopatologia, Brasilia, DF (Brasil)
_99719
111 1 _a25. Congresso Brasileiro de Fitopatologia
_cGramado, RS (Brazil)
_d10-15 Aug 1992
245 1 _aResumo dos trabalhos apresentados no 25. Congresso Brasileiro de Fitopatologia
650 _aDoenca de Planta
773 0 _tFitopatologia Brasileira (Brazil)
_xISSN 0100-4158
_g(Aug 1992), v. 17(2) p. 135-231
_wBR9501488
909 _a202311
_bLúcia
_c55
_dLúcia Elande
942 _2AGRIS
_n0
_cANA
999 _c143334
_d143334